[Event "Stuttgart-chB int"]
[Site "Ditzingen"]
[Date "2006.05.25"]
[Round "2"]
[White "Abied, Mobin"]
[Black "Ortner, Marcel"]
[Result "1-0"]
[WhiteElo "1416"]
[BlackElo "1112"]
[PlyCount "57"]
[EventDate "2006.05.25"]
[EventType "swiss"]
[EventRounds "7"]
[EventCountry "GER"]
[SourceTitle "EXT 2018"]
[Source "ChessBase"]
[SourceDate "2017.10.13"]
[SourceVersion "1"]
[SourceVersionDate "2017.10.13"]
[SourceQuality "1"]

1. d4 d5 2. Nc3 Nf6 3. Bg5 e6 4. e4 dxe4 5. Nxe4 Be7 6. Bxf6 Bxf6 7. c3 0-0 8. Bd3 Nc6 9. Qc2 g6 10. 0-0-0 Bg5+ 11. Kb1 e5 12. Nf3 f6 13. Nexg5 fxg5 14. dxe5 Qe7 15. h4 g4 16. Nd4 Nxe5 17. Rde1 Qf6 18. Ka1 Nxd3 19. Qxd3 Qxf2 20. Qc4+ Kh8 21. Rhf1 g3 22. Rxf2 gxf2 23. Rf1 Bg4 24. Nf3 Bxf3 25. gxf3 Rae8 26. Qd4+ Rf6 27. Qxf2 Kg7 28. a3 b6 29. Qd4 1-0